[Event "Dhaka Chowdhury Memorial op-B 2nd"]
[Site "Dhaka"]
[Date "2022.07.08"]
[Round "9"]
[White "Jahidul, Islam"]
[Black "Md Shafiqul, Islam"]
[Result "1-0"]
[WhiteElo "1747"]
[BlackElo "1907"]
[PlyCount "40"]
[EventDate "2022.07.02"]
[EventType "swiss"]
[EventRounds "9"]
[EventCountry "BAN"]
[SourceTitle "EXT 2024"]
[Source "ChessBase"]
[SourceDate "2023.10.10"]
[SourceVersion "1"]
[SourceVersionDate "2023.10.10"]
[SourceQuality "1"]

1. d4 d5 2. Bf4 e6 3. e3 c5 4. c3 Qb6 5. Qb3 c4 6. Qc2 Nf6 7. Nd2 Nc6 8. Ngf3 Bd7 9. Be2 Rc8 10. 0-0 Qa6 11. Ne5 b5 12. Nxc6 Bxc6 13. a3 Qa4 14. Rac1 Be7 15. Bd1 0-0 16. h3 a6 17. Kh1 Rfe8 18. f3 Bd7 19. e4 h6 20. e5 Nh7 1-0